00788 2200301 4500001002100000005001500021035002000036007000300056008004100059040001700100100001200117245006900129250001000198300003100208504003000239020002200269041000800291082000800299084001400307090002100321260003000342650001100372700002700383850001000410990002200420990002200442990002200464INLIS00000000000311320260528085434 a0010-0321000076ta260528 0  aSPPUPADbind0 aBaryzin1 aPhrases Clauses and Sentences /cBaryzin; editor, Arie Prabawati aCet.1 axx, 380. :bilus. ;c23 cm aBibliografi, hlm 375-377 a978-979-29-6123-20 aind a420 a420 BAR p a420 BAR p L10-R3 aYogyakarta :bAndi,c2017 4aBahasa0 aeditor, Arie Prabawati aPUPAD a27.957/H/DPK/2018 a27.956/H/DPK/2018 a27.958/H/DPK/2018